|
|
|
|
| LEADER |
02195njm a2200481 a 4500 |
| 001 |
000134733 |
| 003 |
CZ BrMZK |
| 005 |
20201019170424.0 |
| 008 |
010907s1973 xr eng d |
| 028 |
0 |
1 |
|a L1 0149-2 211
|b Loděnice
|
| 040 |
|
|
|a BOA001
|b cze
|
| 041 |
1 |
|
|a eng
|a cze
|
| 080 |
|
|
|a 783.21"17"(086.7)
|2 MRF
|
| 080 |
|
|
|a 783.651.2(086.7)
|2 MRF
|
| 100 |
1 |
|
|a Pascha, Edmund,
|d 1714-1772
|7 ola2002153272
|4 cmp
|
| 245 |
1 |
0 |
|a Christmas mass in F major from "Harmonia Pastoralis" ;
|b Christmas carols from "Prosae Pastorales"
|h [zvukový dokument] /
|c Edmund Pascha
|
| 246 |
1 |
4 |
|a Christmas carols
|
| 246 |
1 |
4 |
|a Christmas mass
|
| 260 |
|
|
|a Loděnice :
|b Gramofonové závody,
|c p1973,1995
|
| 300 |
|
|
|a 1 CD :
|b AAD ;
|c 12 cm +
|e 1 vícejaz.brožura[8 s.]
|
| 306 |
|
|
|a 004317
|
| 500 |
|
|
|a Durata 43:17
|
| 500 |
|
|
|a Nahr.1969
|
| 511 |
0 |
|
|a Ondrej Malachovský, bas; Štefan Nosář, tenor, fujara; Jitka Čechová, soprán; Milada Jirglová, soprán; Jaroslava Kolganová, alt; Stanislava Secká, alt; Jaroslav Tománek, tenor; Miroslav Černý, baryton; Pavel Jurkovič, baryton; VratislavVinický, bas. Pražští madrigalisté, dir.Miroslav Venhoda
|
| 653 |
0 |
|
|a barokní hudba
|a koledy
|a vánoční mše
|
| 700 |
1 |
|
|a Secká, Stanislava
|7 xx0155292
|4 prf
|
| 700 |
1 |
|
|a Čechalová, Milada
|7 xx0064996
|4 prf
|
| 700 |
1 |
|
|a Jurkovič, Pavel,
|d 1933-2015
|7 jn20000710114
|
| 700 |
1 |
|
|a Kolganová, Jaroslava
|
| 700 |
1 |
|
|a Malachovský, Ondrej,
|d 1929-2011
|7 ola200203510
|4 prf
|
| 700 |
1 |
|
|a Nosář, Štefan
|4 prf
|
| 700 |
1 |
|
|a Raninec, Jozef,
|d 1937-
|7 jx20080215006
|4 prf
|
| 700 |
1 |
|
|a Tománek, Jaroslav,
|d 1938-
|7 xx0180429
|4 prf
|
| 700 |
1 |
|
|a Venhoda, Miroslav,
|d 1915-1987
|7 jn19990010019
|4 aut
|
| 700 |
1 |
|
|a Vinický, Vratislav
|7 xx0197673
|4 prf
|
| 700 |
1 |
|
|a Čechová, Jitka,
|d 1971-
|7 jn20010601557
|4 prf
|
| 700 |
1 |
|
|a Černý, Miroslav,
|d 1937-
|7 jn19990209124
|4 prf
|
| 710 |
2 |
|
|a Pražští madrigalisté (hudební skupina)
|7 kn20010710285
|4 prf
|
| 740 |
0 |
2 |
|a Christmas carols from "Prosae Pastorales"
|
| 910 |
|
|
|a BOA001
|b CD-0003.738
|
| 964 |
|
|
|a Mše
|z stol.18.
|x CD
|
| 990 |
|
|
|a AV
|
| 996 |
6 |
|
|b 261H003774
|c CD-0003.738
|l MZK
|r Sklad / do 24 hodin
|n 1
|w 000134733
|u 000010
|a 1
|e BOA001
|j MZK50
|s P
|